00362pab a2200121 454500008004000000100001700040245008500057260000900142300001400151362001200165650001300177773005000190180718b2002 xxu||||| |||| 00| 0 eng d aSriraman, S. aIndian railway finances - a critical review of basic issues and emerging options c2002 ap.377-94. aJul-Sep aRailways aJournal of Indian School of Political Economy